| 000 | 00843 a2200205 4500 | ||
|---|---|---|---|
| 003 | Nust | ||
| 005 | 20170207152529.0 | ||
| 010 | _a 86029862 | ||
| 020 | _a0673185680 (pbk.) : | ||
| 040 | _cNust | ||
| 082 | 0 | 0 | _a005.1 |
| 100 | 1 | _aSmith, Bud E. | |
| 245 | 1 | 0 |
_aProgramming the Intel 80386 / _cBud E. Smith, Mark T. Johnson. |
| 260 |
_aGlenview, Ill. : _bScott, Foresman, _cc1987. |
||
| 300 |
_axv, 346 p., [1] folded leaf of plates : _bill. ; _c23 cm. |
||
| 505 | _aAssembly Language Basics (Page-1), 80386 Applications Architecture (Page-23), Guide to the Instructions (Page-51), The 80386 Instruction Set (Page-75), Protected Mode (Page-277), V8086 Mode and More (Page-291), The 80386 Processor In Depth (Page-307). | ||
| 538 | _aAlmirah No.4 Shelf No.6 | ||
| 650 | 0 |
_aIntel 80386 (Microprocessor) _xProgramming. |
|
| 700 | 1 | _aJohnson, Mark T. | |
| 942 |
_2ddc _cBK |
||
| 999 |
_c176625 _d176625 |
||